00805nam a2200253Ia 450000500170000000800410001702000230005804000190008104100120010008200130011224500770012526000400020230000120024250400500025463000190030463000230032365000150034665100180036170000220037985000110040194200070041299900170041995201150043620231130095509.0131103s9999 xx 000 0 und d a8174872582cRs 495 aLoreto College aEnglish a396bYAD aPatterns of Gender Violence, cEdited by Sushma Yadav, Anil Dutta Mishra aNew DelhibRadha Publicationsc2002 ax,236p  aIncludes bibliographical references and index aGender Studies aWomen and Violence aFeminisism aWomen Studies aYadav, Sushma, ed aLCLIB  cBK c28564d79043 00102ddc4070aMAINbMAINd2013-11-04l3o396 YAD 47192pB31409r2014-12-19s2014-12-08w2013-11-04yBKf